L'alphabet par ordre alphabétique - Statistiques

Statistiques générales
  • Ce quiz a été pris 160 fois
  • Le résultat moyen est 10 sur 26
Statistiques - réponses
Hint Réponse % Correct
1ère lettre A
100%
2ème lettre H
54%
3ème lettre B
53%
4ème lettre C
49%
5ème lettre D
48%
7ème lettre E
43%
8ème lettre F
42%
6ème lettre W
41%
9ème lettre L
38%
10ème lettre M
37%
11ème lettre N
36%
12ème lettre R
36%
13ème lettre S
36%
26ème lettre Z
35%
17ème lettre G
34%
14ème lettre I
33%
19ème lettre K
33%
20ème lettre Q
33%
16ème lettre X
33%
18ème lettre J
32%
15ème lettre Y
32%
21ème lettre O
30%
22ème lettre P
30%
23ème lettre T
29%
25ème lettre V
29%
24ème lettre U
28%
Aucun quiz correspondant
Distribution des résultats
% des personnes avec chaque résultat
Percentile par nombre de réponses
Votre historique - résultats
Vous n’avez pas pris ce quiz